| Tag |
First Indicator |
Second Indicator |
Subfields |
| LEADER |
00000nam a2200000 4500 |
| 001 |
in00004327708 |
| 005 |
20200812081538.0 |
| 006 |
m g d |
| 007 |
cr bn |||a|bb| |
| 008 |
960109s1687 enk o 00| | eng d |
| 035 |
|
|
|a (UnM)99833180
|
| 037 |
|
|
|a CL0037000086
|b ProQuest Information and Learning. 300 N. Zeeb Rd., Ann Arbor, MI 48106
|
| 040 |
|
|
|a Cu-RivES
|c Cu-RivES
|e dcrb
|d WaOLN
|
| 100 |
0 |
|
|a L. Ė.
|
| 245 |
1 |
2 |
|a A plain defence of the Protestant religion, fitted to the meanest capacity :
|b being a full confutation of the net for the fishers of men, published by two gentlemen lately gone over to the Church of Rome. Wherein is evidently made appear, that their departure from the Protestant religion was without cause of reason. Written for publick good by L. E. a son of the Church of England, as by law established.
|
| 260 |
|
|
|a London :
|b printed by Place of publication not identified and are to be sold by R. Taylor, near Stationers-Hall,
|c 1687.
|
| 300 |
|
|
|a 1 online resource ([16], 46, [2] pages)
|
| 336 |
|
|
|a text
|b txt
|2 rdacontent
|
| 337 |
|
|
|a computer
|b c
|2 rdamedia
|
| 338 |
|
|
|a online resource
|b cr
|2 rdacarrier
|
| 500 |
|
|
|a Wing attributes this work to William Wake.
|
| 500 |
|
|
|a With a preliminary imprimatur leaf dated Jan. 26. 1686/7.
|
| 500 |
|
|
|a Tightly bound.
|
| 500 |
|
|
|a Reproduction of the original in the Lambeth Palace Library, London.
|
| 510 |
4 |
|
|a Wing (2nd edition, 1994)
|c W251A
|
| 533 |
|
|
|a Electronic reproduction.
|b Ann Arbor, Mich. :
|c UMI,
|d 1999-
|f (Early English books online)
|n Digital version of: (Early English books, 1641-1700 ; 2160:6)
|7 s1999 miun s
|
| 600 |
0 |
0 |
|a J. C.,
|c late convert.
|t Net for the fisher of men and the same which Christ gave to His Apostles
|v Controversial literature
|v Early works to 1800.
|
| 610 |
2 |
0 |
|a Catholic Church
|v Controversial literature
|v Early works to 1800.
|
| 650 |
|
0 |
|a Catholic converts
|v Controversial literature
|v Early works to 1800.
|
| 650 |
|
0 |
|a Protestantism
|v Apologetic works
|v Early works to 1800.
|
| 700 |
1 |
|
|a Wake, William,
|d 1657-1737,
|e attributed name.
|
| 830 |
|
0 |
|a Early English books online.
|
| 856 |
4 |
0 |
|u http://proxy.library.tamu.edu/login?url=https://search.proquest.com/docview/2240920400
|z Connect to the full text of this electronic book
|t 0
|
| 999 |
f |
f |
|s 3848fde4-717c-377b-8dd5-d08dbcf50b51
|i 0f31a440-6539-3975-9d2b-432864170de2
|t 0
|
| 952 |
f |
f |
|a Texas A&M University
|b College Station
|c Electronic Resources
|d Available Online
|t 0
|h No information provided
|
| 998 |
f |
f |
|t 0
|l Available Online
|